Chapman Library

Taxation (Record no. 1537)

000 -LEADER
fixed length control field 00304nam a22001457a 4500
020 ## - INTERNATIONAL STANDARD BOOK NUMBER
ISBN 0273694540
050 ## - LIBRARY OF CONGRESS CALL NUMBER
Classification number KD5359
100 ## - MAIN ENTRY--AUTHOR NAME
Personal name MELVILLE, Alan
245 ## - TITLE STATEMENT
Title Taxation
250 ## - EDITION STATEMENT
Edition statement 10th edition
260 ## - PUBLICATION, DISTRIBUTION, ETC. (IMPRINT)
Place of publication Boston
Name of publisher Prentice Hall
Year of publication 2005
300 ## - PHYSICAL DESCRIPTION
Number of Pages 638p
942 ## - ADDED ENTRY ELEMENTS (KOHA)
Koha item type Books
988 ## - PAGINATION/EXTENT
PAGINATION/EXTENT xii,638p.;index
Holdings
Koha item type Collection code Accession Number Permanent Location Current Location Date acquired Full call number
BooksLending2649Chapman LibraryChapman Library2017-02-07KD 5359mel
BooksLending2650Chapman LibraryChapman Library2017-02-07KD 5359mel
BooksLending2651Chapman LibraryChapman Library2017-02-07KD 5359mel
BooksReference3492Chapman LibraryChapman Library2017-02-07KD 5359mel


CSUC Chapman Library is a Koha Automated Library.


Contact us: library@csuc.edu.gh.